| 000 | 01295nam a2200337 a 4500 | ||
|---|---|---|---|
| 001 | ebr5003770 | ||
| 003 | CaPaEBR | ||
| 006 | m u | ||
| 007 | cr cn||||||||| | ||
| 008 | 930408s1993 enkb sb 000 0 eng | ||
| 010 | _z 93013451 | ||
| 020 | _z0415102324 (acid-free paper) | ||
| 040 |
_aCaPaEBR _cCaPaEBR |
||
| 035 | _a(OCoLC)50543613 | ||
| 050 | 1 | 4 |
_aDK262 _b.W67 1993eb |
| 082 | 0 | 4 |
_a947.08/3 _220 |
| 100 | 1 |
_aWood, Alan, _d1943- |
|
| 245 | 1 | 4 |
_aThe origins of the Russian Revolution, 1861-1917 _h[electronic resource] / _cAlan Wood. |
| 250 | _a2nd ed. | ||
| 260 |
_aLondon ; _aNew York : _bRoutledge, _c1993. |
||
| 300 |
_axix, 59 p. : _bmap. |
||
| 490 | 1 | _aLancaster pamphlets | |
| 504 | _aIncludes bibliographical references (p. 56-59). | ||
| 533 |
_aElectronic reproduction. _bPalo Alto, Calif. : _cebrary, _d2013. _nAvailable via World Wide Web. _nAccess may be limited to ebrary affiliated libraries. |
||
| 651 | 0 |
_aRussia _xHistory _yNicholas II, 1894-1917. |
|
| 651 | 0 |
_aSoviet Union _xHistory _yRevolution, 1917-1921 _xCauses. |
|
| 655 | 7 |
_aElectronic books. _2local |
|
| 710 | 2 | _aebrary, Inc. | |
| 830 | 0 | _aLancaster pamphlets. | |
| 856 | 4 | 0 |
_uhttp://site.ebrary.com/lib/rucke/Doc?id=5003770 _zAn electronic book accessible through the World Wide Web; click to view |
| 999 |
_c281 _d281 |
||